000 00404nam a22001577a 4500
005 20160628155541.0
008 160628b xxu||||| |||| 00| 0 eng d
041 _aeng
082 _b10793
100 _aSrivastava, S.C.
_93115
245 _aWages, Profits and Productivity in Salected Industries of India since 1950
260 _bHPH
_c1984
300 _a242
650 _aManagement
_9241
942 _cBK
999 _c4550
_d4549